Largest Counties where Trump wins in 2024 - Statistics

General Stats
  • This quiz has been taken 29 times
  • The average score is 21 of 26
Answer Stats
State Trump % County County Seat Metropolitan Statistical Area % Correct
Texas 51.8 Tarrant Fort Worth Dallas-Fort Worth-Arlington
100%
Texas 54.4 Collin McKinney Dallas-Fort Worth-Arlington
96%
Texas 55.9 Denton Denton Dallas-Fort Worth-Arlington
96%
Florida 50.9 Hillsborough Tampa Tampa–St. Petersburg–Clearwater
92%
Florida 55.4 Miami-Dade Miami Miami–Fort Lauderdale–West Palm Beach
92%
Oklahoma 49.7 Oklahoma Oklahoma City Oklahoma City
92%
Colorado 53.6 El Paso Colorado Springs Colorado Springs
88%
Arizona 51.6 Maricopa Phoenix Phoenix–Mesa–Chandler
88%
Florida 52.1 Pinellas Clearwater Tampa–St. Petersburg–Clearwater
88%
Florida 50.1 Duval Jacksonville Jacksonville
85%
Oklahoma 56.5 Tulsa Tulsa Tulsa
85%
Texas 50.2 Williamson Georgetown Austin–Round Rock–San Marcos
85%
New York 52.2 Nassau Mineola New York-Newark-Jersey City
81%
California 50.8 San Bernardino San Bernardino Riverside–San Bernardino–Ontario
81%
New York 55.0 Suffolk Riverhead New York-Newark-Jersey City
81%
California 53.2 Fresno Fresno Fresno
77%
California 59.0 Kern Bakersfield Bakersfield–Delano
77%
California 49.2 Riverside Riverside Riverside–San Bernardino–Ontario
77%
Utah 68.5 Utah Provo Provo–Orem–Lehi
77%
Missouri 51.1 Jackson Independence / Kansas City Kansas City
73%
Texas 72.3 Montgomery Conroe Houston–Pasadena–The Woodlands
73%
Michigan 55.9 Macomb Mount Clemens Detroit-Warren-Dearborn
62%
Florida 59.7 Polk Bartow Orlando–Kissimmee–Sanford
62%
Texas 51.0 Hidalgo Edinburg McAllen–Edinburg–Mission
58%
California 49.4 San Joaquin Stockton Stockton–Lodi
54%
Florida 63.6 Lee Fort Myers Cape Coral-Fort Myers
50%
No matching quizzes found
Score Distribution
Percent of People with Each Score
Percentile by Number Answered
Your Score History
You have not taken this quiz